| 000 | 02208nam0a2200457 i 4500 | ||
|---|---|---|---|
| 001 | RU\NLR\bibl\1902199 | ||
| 005 | 20260408070947.0 | ||
| 010 |
_a9785797402534 _9500 |
||
| 021 |
_aRU _b2012-29939 _92225 |
||
| 035 | _a(nilc)LIBNET\0000196497 | ||
| 035 | _a(NLR Aleph) 001891812 | ||
| 090 |
_a2930052 _c2930052 |
||
| 100 | _a20120111d2011 k y0rusy50 ca | ||
| 101 | 0 |
_arus _aeng _drus _deng _erus _eeng |
|
| 102 | _aRU | ||
| 105 | _aa ||||||||| | ||
| 200 | 1 |
_aГосударство, миграция и культурный плюрализм в современном мире _eматериалы международной научной конференции _e[сборник] _fпод ред. В. С. Малахова [и др.] |
|
| 210 |
_aМосква _cИКАР _d2011 |
||
| 215 |
_a258 с. _cил. _d20 |
||
| 300 | _aВ надзаг.: Учреждение Рос. акад. наук Ин-т философии РАН | ||
| 320 | _aБиблиогр. в тексте и в конце докл. | ||
| 606 | 1 |
_aНаселение _jСъезды, совещания и т.п. _xМиграция _91101785 _3RU\NLR\auth\66433958 |
|
| 606 | 1 |
_aПлюрализм культурный _jСъезды, совещания и т.п. _92491779 _3RU\NLR\auth\661478461 |
|
| 610 | 1 | _aГосударство национальное | |
| 610 | 1 | _aМиграция населения | |
| 610 | 1 | _aПлюрализм | |
| 610 | 1 | _aИнтеграция социальная | |
| 686 |
_a60.546.7я431 _vLBC/M _2rubbk |
||
| 686 | _aФ3(0)43я431 | ||
| 686 | _aХ803я431 | ||
| 686 | _aХ621.164.0я431 | ||
| 686 | _aС550.33я431 | ||
| 686 | _aТ3(0)63-7я431 | ||
| 702 | 1 |
_aМалахов _bВ. С. _gВладимир Сергеевич _4340 |
|
| 711 | 1 | 2 |
_a"Национальное государство, иммиграция и культурный плюрализм", международная научная конференция _f2009 _eМосква _3RU\NLR\AUTH\8810212855 _9312619 |
| 801 | 0 |
_aRU _bОмская ГОНБ _c20120111 _grcr |
|
| 801 | 1 |
_aRU _bОмская ГОНБ _c20120111 _grcr _2rusmarc |
|
| 801 | 2 |
_aRU _bNLR _c20120514 _grcr |
|
| 942 | _cBOOK | ||
| 980 | _aNBR | ||